Els Verbs catalans conjugats / Joan Baptista Xuriguera
Descripción Física:
318 p. ; 15 cm
Colección:
Pompeu Fabra ; 6
Materias:
Català -- Verb
MARC
| LEADER | 00000nam a2200000Ia 4500 | ||
|---|---|---|---|
| 001 | 13208 | ||
| 008 | 160829s1985 xx 000 0 cat d | ||
| 080 | |a Sala Lectura | ||
| 100 | 1 | |a Xuriguera, Joan Baptista, |d 1908-1987 |9 23093 | |
| 245 | |a Els Verbs catalans conjugats / Joan Baptista Xuriguera | ||
| 250 | |a 15a ed. | ||
| 260 | |a Barcelona : |b Claret, |c 1985 | ||
| 300 | |a 318 p. ; |c 15 cm | ||
| 490 | |a Pompeu Fabra ; 6 | ||
| 650 | |a Català |x Verb |9 24451 | ||
| 901 | |a Arxiu | ||
| 942 | |n 1 | ||
| 952 | |0 0 |1 0 |4 0 |6 SALA_LECTURA |7 1 |9 49335 |a Arxiu |b Arxiu |d 2016-12-01 |l 0 |o Sala Lectura |p 13208 |r 2016-12-01 00:00:00 |w 2016-12-01 |y ARXIU | ||
| 999 | |c 53177 |d 53177 | ||